000 00656nam a2200253Ia 4500
003 OSt
005 20220918174037.0
006 a|||||r|||| 00| 0
007 ta
008 220917b |||||||| |||| 00| 0 eng d
024 _a10,157
037 _cTextual
040 _aARTS
_cARTS
_beng
041 _2eng
_aeng
082 _aQ2:23, L7
100 _aMookerjee Ajit
245 0 _aTantric way
_b art science ritual
260 _aDelhi
_bVikas
_c1977
300 _a208p.
_ccm.
650 _aRELIGION
700 _a Khanna Madhu
_948886
942 _hQ2:23, L7
_cTEXL
_2CC
999 _c151540
_d151540